New preaching from the New Testament. (Record no. 13692)

000 -LEADER
fixed length control field 00613nam a2200193 a 4500
001 - CONTROL NUMBER
control field :::00011515$&:&@@
003 - CONTROL NUMBER IDENTIFIER
control field OkBaRHE
005 - DATE AND TIME OF LATEST TRANSACTION
control field 20000607103409.0
008 - FIXED-LENGTH DATA ELEMENTS--GENERAL INFORMATION
fixed length control field s1977 j 000 0 eng u
040 ## - CATALOGING SOURCE
Transcribing agency
100 1# - MAIN ENTRY--PERSONAL NAME
Personal name Ford, D. W. (Douglas William Cleverley).
245 10 - TITLE STATEMENT
Title New preaching from the New Testament.
260 ## - PUBLICATION, DISTRIBUTION, ETC. (IMPRINT)
Place of publication, distribution, etc London, UK:EN., :
Name of publisher, distributor, etc Mowbrays
Date of publication, distribution, etc 1977
300 ## - PHYSICAL DESCRIPTION
Extent x, 114 p. ;
Dimensions 22 cm.
650 ## - SUBJECT ADDED ENTRY--TOPICAL TERM
Topical term or geographic name as entry element Church of England
General subdivision Sermons
650 ## - SUBJECT ADDED ENTRY--TOPICAL TERM
Topical term or geographic name as entry element Sermons, English
942 ## - ADDED ENTRY ELEMENTS (KOHA)
Source of classification or shelving scheme
Koha item type Books
Copies
Koha item type Permanent Location Damaged status Full call number Lost status Source of classification or shelving scheme Barcode Shelving location Price effective from Date acquired Not for loan Copy number Withdrawn status Date last seen
BooksRHEMA Bible Training College BX 5133 .F73N48  11515General Stacks2010-04-142010-04-14 1 2010-04-14